000 00773nam a22002297a 4500
008 090220t xxu||||| |||| 00| 0 eng d
010 _aENG-93055
020 _c310.00
035 _aEN-76588
037 _bDBAD / PUB
040 _adpl
_bEnglish
082 _a512
100 _aSelvi, K. Tamil
245 _aAlgebra and trigonometry /
_bby K. Tamil Selvi
260 _aChennai
_bNivethita Publication
_c2006
270 _a1, 3rd Floor, Pudur 13th Street, Ashok Nagar,
_bChennai
_e83
300 _a503p.
_c20cm (pbk)
650 _aAlgebra.
650 _aTrigonometry.
942 _2ddc
_cEN
_mSEL
_h512
999 _c24774
_d24774